[Event "Challenge"]
[Site "http://www.queenalice.com/game.php?id=827686"]
[Date "2010.9.4"]
[Round "-"]
[White "Alpaga"]
[Black "JCOELHO"]
[Result "1-0"]
[WhiteElo "2157"]
[BlackElo "2066"]

1. e4 d5 2. exd5 Qxd5 3. Nc3 Qe5+ 4. Be2 Nc6 5. Nf3 Qa5 6. O-O Bf5 7. Bb5 Nf6 8.
Ne5 a6 9. Nxc6 Qb6 10. Nd4+ Bd7 11. Bxd7+ Nxd7 12. Nf3 e5 13. d4 O-O-O 14. Be3
Qxb2 15. Na4 Qa3 16. c3 Bd6 17. Bc1 Qxa4 18. Qxa4 Nb6 19. Qb3 e4 20. Ng5 Rdf8
21. Nxf7 Rhg8 22. Nxd6+ cxd6 23. Qxb6 h5 24. Rb1 Rf7 25. Qxd6 g5 26. Qe6+ Kb8
27. Qxf7 1-0

[Event "Challenge"]
[Site "http://www.queenalice.com/game.php?id=827700"]
[Date "2010.9.4"]
[Round "-"]
[White "JCOELHO"]
[Black "Alpaga"]
[Result "0-1"]
[WhiteElo "2066"]
[BlackElo "2092"]

1. e4 e5 2. Nf3 Nc6 3. Bb5 a6 4. Bxc6 dxc6 5. Nxe5 Qd4 6. Nf3 Qxe4+ 7. Kf1 Bf5
8. Nc3 Qxc2 9. Qe1+ Ne7 10. h4 f6 11. Nd4 Qd3+ 12. Nde2 O-O-O 13. f3 Ng6 14. h5
Nf4 15. g3 Qxf3+ 16. Qf2 Qxh1+ 17. Ng1 Bh3+ 18. Ke1 Nd3+ 19. Ke2 Nxf2 20. Kxf2
Bc5+ 21. Ke2 Qxg1 22. a4 Qf1# 0-1

[Event "Revenche"]
[Site "http://www.queenalice.com/game.php?id=834239"]
[Date "2010.9.17"]
[Round "-"]
[White "Thomas_A_Anderson"]
[Black "Alpaga"]
[Result "1-0"]
[WhiteElo "2492"]
[BlackElo "2190"]

1. e4 e5 2. Nf3 Nc6 3. Bb5 a6 4. Ba4 Nf6 5. O-O Be7 6. Re1 b5 7. Bb3 O-O 8. h3
Bb7 9. d3 Re8 10. Nc3 h6 11. Nd5 Bc5 12. Bd2 Nd4 13. Nxd4 Bxd4 14. c3 Ba7 15.
Qf3 Nxd5 16. Bxd5 Bxd5 17. exd5 f5 18. a4 Qf6 19. d4 e4 20. Qg3 c6 21. Bf4 cxd5
22. axb5 axb5 23. Be5 Qf7 24. Ra6 Bxd4 25. Rxa8 Bxe5 26. Rxe8+ Qxe8 27. Qe3 Qe6
28. Rd1 b4 29. Qc5 bxc3 30. bxc3 Kf7 31. Qxd5 Qxd5 32. Rxd5 Bxc3 33. Rxd7+ Kg6
34. g3 f4 35. Re7 fxg3 36. fxg3 e3 37. Kg2 1-0

[Event "Revenche"]
[Site "http://www.queenalice.com/game.php?id=834240"]
[Date "2010.9.17"]
[Round "-"]
[White "Alpaga"]
[Black "Thomas_A_Anderson"]
[Result "1/2-1/2"]
[WhiteElo "2224"]
[BlackElo "2542"]

1. e4 c5 2. d4 cxd4 3. c3 dxc3 4. Nxc3 Nc6 5. Nf3 e6 6. Bc4 d6 7. O-O Be7 8. Qe2
Nf6 9. Rd1 e5 10. Be3 O-O 11. Rac1 Be6 12. Bxe6 fxe6 13. Ng5 Qd7 14. Qc4 Nd8 15.
h3 h6 16. Nf3 Nf7 17. Qb3 Rfc8 18. Ne1 Bd8 19. Nd3 Ba5 20. f3 Bxc3 21. bxc3 b5
22. c4 bxc4 23. Rxc4 Rxc4 24. Qxc4 d5 25. exd5 exd5 26. Qa6 d4 27. Bf2 Rc8 28.
f4 Ne4 29. Nxe5 Nxe5 30. fxe5 Nxf2 31. Kxf2 Rc2+ 32. Kg1 Qf7 33. Rf1 Qd5 34. Qg6
Re2 35. Rc1 Qd7 36. Rb1 Qc7 37. e6 Qd6 38. Qf7+ Kh8 39. Rd1 Qd5 40. Qf3 Qxf3 41.
gxf3 Rxe6 42. Rxd4 Re3 43. Kf2 Ra3 44. Rd2 g5 45. Kg3 Kg7 46. Rd7+ Kg6 47. Rd6+
Kh5 48. Rd2 Ra4 49. Rc2 Ra3 1/2-1/2

[Event "Challenge World Game #308"]
[Site "http://www.queenalice.com/game.php?id=837826"]
[Date "2010.10.2"]
[Round "-"]
[White "Alpaga"]
[Black "Aylton"]
[Result "1-0"]
[WhiteElo "2186"]
[BlackElo "2025"]

1. e4 c5 2. d4 cxd4 3. c3 dxc3 4. Nxc3 Nc6 5. Nf3 a6 6. Bc4 e6 7. O-O b5 8. Bb3
Bb7 9. e5 d5 10. exd6 Qxd6 11. Qe2 Nf6 12. Rd1 Qc7 13. a4 b4 14. Nd5 Nxd5 15.
Bxd5 Be7 16. Be4 O-O 17. g3 a5 18. Bf4 Qc8 19. Rac1 Qe8 20. Qb5 Nd8 21. Bxb7
Qxb5 22. axb5 Nxb7 23. Rd7 Bf6 24. Rxb7 Bxb2 25. Rcc7 a4 26. b6 a3 27. Ra7 a2
28. Rxa2 Rxa2 29. b7 Raa8 30. Bd6 Rfb8 31. bxa8=Q Rxa8 32. Bxb4 Bf6 33. h4 h6
34. Kg2 Rb8 35. Bd2 Kf8 36. g4 Bd8 37. Rd7 Ke8 38. Rd6 Ke7 39. Ra6 Rb7 40. Bc3
f6 41. Nd4 e5 42. Nf5+ Kf8 43. Ra8 Rd7 44. Ba5 1-0

[Event "Challenge World Game #309"]
[Site "http://www.queenalice.com/game.php?id=837827"]
[Date "2010.9.28"]
[Round "-"]
[White "Aylton"]
[Black "Alpaga"]
[Result "0-1"]
[WhiteElo "2112"]
[BlackElo "2174"]

1. e4 e5 2. Nf3 Nc6 3. Nc3 Nf6 4. Bb5 Nd4 5. Bc4 Bc5 6. O-O d6 7. d3 Bg4 8. Bg5
c6 9. Be3 b5 10. Bb3 a5 11. a3 Bxf3 12. gxf3 a4 13. Ba2 Nh5 14. Bxd4 Bxd4 15.
Qd2 Qf6 16. Kg2 Nf4+ 17. Kh1 Nh3 18. Kg2 Qh4 19. Nd1 Ng5 0-1

[Event "Challenge"]
[Site "http://www.queenalice.com/game.php?id=848992"]
[Date "2010.10.21"]
[Round "-"]
[White "Alpaga"]
[Black "eddval"]
[Result "1-0"]
[WhiteElo "2197"]
[BlackElo "2121"]

1. e4 e5 2. Nf3 Nf6 3. Nxe5 d6 4. Nf3 Nxe4 5. Nc3 Nxc3 6. dxc3 Be7 7. Be3 Bg4 8.
Qd2 Nd7 9. Be2 O-O 10. O-O-O c6 11. Kb1 Bxf3 12. gxf3 d5 13. Rhg1 Kh8 14. c4 Nf6
15. Bd4 dxc4 16. Qf4 Qa5 17. Bc3 Qh5 18. Rd7 Nxd7 19. Bxg7+ Kg8 20. Qh6 Qxh6 21.
Bxh6+ Kh8 22. Bg7+ 1-0

[Event "Challenge"]
[Site "http://www.queenalice.com/game.php?id=849004"]
[Date "2010.10.21"]
[Round "-"]
[White "Alpaga"]
[Black "eddval"]
[Result "1-0"]
[WhiteElo "2211"]
[BlackElo "2121"]

1. e4 d5 2. exd5 Qxd5 3. Nc3 Qa5 4. d4 Nf6 5. Nf3 Bg4 6. h3 Bh5 7. g4 Bg6 8. Ne5
Nbd7 9. Nc4 Qa6 10. Bf4 Qe6+ 11. Ne3 Nb6 12. Bxc7 Qc8 13. Bxb6 axb6 14. Qf3 e6
15. Bb5+ Nd7 16. Nc4 Qc7 17. Ne5 O-O-O 18. Bxd7+ Rxd7 19. Nb5 Qb8 20. Nxd7 Kxd7
21. O-O-O Qc8 22. Qb3 Be4 23. d5 Bxh1 24. dxe6+ Ke7 25. Rd7+ Qxd7 26. exd7 Bc6
27. Nd4 g6 28. Nxc6+ bxc6 29. Qe3+ 1-0

[Event "Challenge"]
[Site "http://www.queenalice.com/game.php?id=859863"]
[Date "2010.11.17"]
[Round "-"]
[White "feliz70"]
[Black "Alpaga"]
[Result "1/2-1/2"]
[WhiteElo "2260"]
[BlackElo "2249"]

1. d4 Nf6 2. c4 g6 3. Nc3 Bg7 4. e4 d6 5. Be2 O-O 6. Nf3 e5 7. O-O Nc6 8. d5 Ne7
9. b4 Nh5 10. Re1 f5 11. Ng5 Nf6 12. f3 Kh8 13. Rb1 h6 14. Ne6 Bxe6 15. dxe6
fxe4 16. fxe4 Nc6 17. Nd5 Ng8 18. Bd3 Nd4 19. Qg4 g5 20. h4 Nf6 21. Qg3 Nxe6 22.
hxg5 Nxd5 23. gxh6 Bf6 24. exd5 Bh4 25. Qg4 Bxe1 26. dxe6 Bf2+ 27. Kf1 Bh4+ 28.
Kg1 Bf2+ 1/2-1/2

[Event "Challenge"]
[Site "http://www.queenalice.com/game.php?id=859865"]
[Date "2010.11.17"]
[Round "-"]
[White "Alpaga"]
[Black "feliz70"]
[Result "1-0"]
[WhiteElo "2236"]
[BlackElo "2273"]

1. e4 g6 2. d4 Bg7 3. Nc3 d6 4. Bc4 a6 5. Bb3 Nc6 6. Be3 Nf6 7. Nf3 O-O 8. O-O
b5 9. h3 e6 10. Qd3 Na5 11. e5 dxe5 12. Nxe5 Bb7 13. Rad1 Nxb3 14. axb3 Ne4 15.
Nxe4 Qd5 16. f3 Bxe5 17. dxe5 Qxe5 18. Qd7 1-0

[Event "Let's Play Chess!"]
[Site "http://www.queenalice.com/game.php?id=875609"]
[Date "2010.12.26"]
[Round "-"]
[White "boparame"]
[Black "Alpaga"]
[Result "0-1"]
[WhiteElo "2307"]
[BlackElo "2274"]

1. c4 Nf6 2. Nc3 g6 3. g3 Bg7 4. Bg2 O-O 5. Nf3 d6 6. d4 Nc6 7. O-O a6 8. e4 Bg4
9. h3 Bxf3 10. Bxf3 Nd7 11. Be3 e5 12. d5 Nd4 13. Bg2 Rb8 14. Ne2 Qf6 15. f4
Nxe2+ 16. Qxe2 exf4 17. Rab1 Rbe8 18. gxf4 Qe7 19. f5 Nf6 20. Bg5 h6 21. Bxf6
Qxf6 22. Qc2 Qg5 23. Qd3 Re5 24. fxg6 fxg6 25. Rxf8+ Kxf8 26. Rf1+ Kg8 27. b4
Re7 28. Kh1 Rf7 29. Rxf7 Kxf7 30. b5 a5 31. Qf3+ Kg8 32. a3 Be5 33. Bf1 Qc1 34.
Kg2 h5 35. Kh1 Kg7 36. Kg2 Bd4 37. Qd3 Qg5+ 38. Kf3 Qf6+ 39. Ke2 Qf2+ 40. Kd1
Qb2 41. a4 Qa1+ 42. Ke2 Qa2+ 43. Ke1 Bf6 44. Qg3 Qa1+ 45. Kf2 Bd4+ 46. Kg2 Qa2+
47. Kh1 Be5 48. Qg2 Qxa4 49. Qg5 Qc2 50. Qg2 Qb1 51. Qf3 a4 52. Kg2 Qb2+ 53. Qe2
Qxe2+ 54. Bxe2 a3 55. c5 a2 56. b6 cxb6 0-1

[Event "Let's Play Chess!"]
[Site "http://www.queenalice.com/game.php?id=875610"]
[Date "2010.12.26"]
[Round "-"]
[White "boparame"]
[Black "Alpaga"]
[Result "0-1"]
[WhiteElo "2274"]
[BlackElo "2250"]

1. Nf3 Nf6 2. g3 g6 3. Bg2 Bg7 4. O-O O-O 5. d4 d6 6. c4 Nc6 7. Nc3 a6 8. e4 Bg4
9. h3 Bxf3 10. Bxf3 e5 11. d5 Nd4 12. Bg2 Nd7 13. Ne2 c5 14. dxc6 bxc6 15. Nxd4
exd4 16. Qa4 Qc7 17. f4 a5 18. e5 Rfc8 19. exd6 Qxd6 20. Kh2 d3 21. Rd1 Nc5 22.
Qa3 Re8 23. Rb1 Re2 24. b4 Qd4 25. Rg1 Ne4 26. Rf1 a4 27. Rb2 d2 28. Qf3 Rxg2+
29. Qxg2 dxc1=Q 30. Rxc1 Qxb2 31. Rc2 Qd4 0-1

[Event "Kaspreta"]
[Site "http://www.queenalice.com/game.php?id=876560"]
[Date "2010.12.25"]
[Round "-"]
[White "kaspreta"]
[Black "Alpaga"]
[Result "1/2-1/2"]
[WhiteElo "2309"]
[BlackElo "2263"]

1. e4 e5 2. Nf3 Nc6 3. Bc4 Nf6 4. d3 Be7 5. Nc3 d6 6. Ng5 O-O 7. a4 Bg4 8. f3
Bd7 9. h4 h6 10. g3 Nd4 11. Ne2 d5 12. exd5 hxg5 13. Nxd4 exd4 14. hxg5 Nh7 15.
f4 Re8 16. Kf2 Bd6 17. Bd2 Bf5 18. Bb5 Rf8 19. g4 Bg6 20. f5 Nxg5 21. Kg2 Bh7
22. Rh5 Be7 23. Qh1 g6 24. Rh6 Qxd5+ 25. Kf2 Qxh1 26. Raxh1 c6 27. Bc4 gxf5 28.
R1h5 Kg7 29. Bxg5 Bxg5 30. Rxh7+ Kg6 31. gxf5+ Kf6 32. Kf3 Be3 33. c3 Rae8 34.
cxd4 Bxd4 35. R7h6+ 1/2-1/2

[Event "Challenge"]
[Site "http://www.queenalice.com/game.php?id=881278"]
[Date "2011.1.4"]
[Round "-"]
[White "Alpaga"]
[Black "PROFILER"]
[Result "1-0"]
[WhiteElo "2264"]
[BlackElo "2189"]

1. e4 e5 2. Nf3 Nc6 3. Bb5 a6 4. Ba4 Nf6 5. O-O Nxe4 6. d4 b5 7. Bb3 d5 8. dxe5
Be6 9. Qe2 Na5 10. Nbd2 Nxd2 11. Bxd2 c5 12. a4 Nxb3 13. cxb3 b4 14. Ng5 Qb6 15.
Nxe6 Qxe6 16. f4 d4 17. Qe4 O-O-O 18. Qa8+ Kc7 19. Qa7+ Kc8 20. Rac1 Qxb3 21.
Qxa6+ Kc7 22. Qa5+ Kc8 23. Bxb4 1-0

[Event "Challenge"]
[Site "http://www.queenalice.com/game.php?id=889276"]
[Date "2011.1.21"]
[Round "-"]
[White "Alpaga"]
[Black "PROFILER"]
[Result "1-0"]
[WhiteElo "2331"]
[BlackElo "2128"]

1. e4 c5 2. d4 cxd4 3. c3 dxc3 4. Nxc3 Nc6 5. Nf3 d6 6. Bc4 e6 7. O-O Nf6 8. Qe2
Be7 9. Rd1 e5 10. Be3 O-O 11. b4 Bg4 12. a3 a6 13. Ba2 b5 14. Rac1 Rc8 15. h3
Bh5 16. g4 Bg6 17. Nh4 Nxe4 18. Nxg6 Nxc3 19. Rxc3 hxg6 20. Rdc1 Qd7 21. Qc2 Na7
22. Rc7 Rxc7 23. Qxc7 Qxc7 24. Rxc7 Nc8 25. Bd5 Nb6 26. Bxb6 1-0

[Event "Challenge"]
[Site "http://www.queenalice.com/game.php?id=890498"]
[Date "2011.1.24"]
[Round "-"]
[White "redkitten"]
[Black "Alpaga"]
[Result "0-1"]
[WhiteElo "1932"]
[BlackElo "2287"]

1. e4 e5 2. Nf3 Nc6 3. Bc4 Nf6 4. O-O Nxe4 5. d4 d5 6. Re1 dxc4 7. Rxe4 Bf5 8.
Re1 Be7 9. Nxe5 Nxd4 10. Bg5 Nxc2 11. Qxd8+ Bxd8 12. Bxd8 Nxe1 13. Bxc7 Nc2 0-1

[Event "Challenge"]
[Site "http://www.queenalice.com/game.php?id=899063"]
[Date "2011.2.11"]
[Round "-"]
[White "maickell"]
[Black "Alpaga"]
[Result "0-1"]
[WhiteElo "2312"]
[BlackElo "2288"]

1. e4 e5 2. Nc3 Nf6 3. Nf3 Nc6 4. Bb5 Nd4 5. Nxd4 exd4 6. e5 dxc3 7. exf6 Qxf6
8. dxc3 Bc5 9. Qe2+ Qe6 10. O-O O-O 11. Qxe6 fxe6 0-1

[Event "Challenge"]
[Site "http://www.queenalice.com/game.php?id=899064"]
[Date "2011.2.11"]
[Round "-"]
[White "maickell"]
[Black "Alpaga"]
[Result "0-1"]
[WhiteElo "2299"]
[BlackElo "2301"]

1. e4 e5 2. Nc3 Nf6 3. Nf3 Nc6 4. Bc4 Nxe4 5. Nxe4 d5 6. Bd3 dxe4 7. Bxe4 Bd6 8.
O-O O-O 9. c3 Bg4 10. Re1 Kh8 0-1

[Event "Challenge"]
[Site "http://www.queenalice.com/game.php?id=905611"]
[Date "2011.2.25"]
[Round "-"]
[White "Gabrisco"]
[Black "Alpaga"]
[Result "1/2-1/2"]
[WhiteElo "2193"]
[BlackElo "2337"]

1. Nc3 e5 2. Nf3 Nc6 3. d4 exd4 4. Nxd4 Nf6 5. Bf4 Bb4 6. g3 Nd5 7. Bd2 Nxc3 8.
bxc3 Be7 9. Bg2 Ne5 10. Rb1 c6 11. e4 O-O 12. Qe2 Re8 13. f4 Ng6 14. O-O Qc7 15.
Qd3 d6 16. c4 Nf8 17. Bc3 Nd7 18. Nf5 Bf8 19. Qd4 f6 20. Bb4 Nc5 21. Rfd1 Bxf5
22. exf5 Na6 23. Bd2 Nc5 24. Bf3 Qd7 25. g4 Qf7 26. Kh1 Re7 27. Re1 Rae8 28. Kg2
Rxe1 29. Bxe1 Na4 30. Ba5 Nc5 31. Kg3 Qe7 32. h4 Qd7 33. h5 h6 34. Bd2 Qc7 35.
Bc3 a5 36. Bd2 a4 37. a3 Qd7 38. Kg2 Re7 39. Be3 Qd8 40. Qd2 Qc8 41. Qc3 Qa8 42.
Ra1 Qe8 43. Re1 Kh7 44. Qd2 Na6 45. Re2 Nc5 46. Qc3 Na6 47. Qd3 Nc7 48. Bb6
Rxe2+ 49. Bxe2 Na6 50. Bf3 Kg8 51. Bf2 Nc5 52. Qd4 Kh7 53. Kg3 Be7 54. Qd2 Kg8
55. Bg1 Kh7 56. Kg2 Kg8 1/2-1/2